00829nam a22002537a 45000010005000000030006000050050017000110080041000280200018000690400029000870500013001160820010001291000021001392450062001602600035002223000060002574900030003175050009003475200120003565210019004765210021004956500025005167000034005413170FISKH20240215110100.0240215b cb ||||| |||| 00| 0 eng d a9780545591355 aFISKHbengcFISKHdFISKH aQC73.C36 a531.6 aCanizares, Susan aMake it move! /bby Canizares, Susan and Chessen, Betsey  aNew York :bScholastic ,c2013 a14 unnumbered pages : bcolor illustrations ;c19 cm .  a Science Emergent Readers aAA  aSimple text and photographs present people making things move, from the bouncing of balls to the pedaling of bikes.8 a10 bLexile 8 aAA bRaz-Plus  asports vnon-fiction aSchimanski, Bryce edesigner